000 00410nam a22001697a 4500
003 OSt
005 20220303114017.0
008 220303b |||||||| |||| 00| 0 eng d
020 _a0750650273
040 _cH U
082 _a658.802
100 _aACE ,CATJY
_931968
245 _aSUCCESSFUL MARKETING COMMUNICATIONS
260 _aBOSTON
_bCATHERINE ACE
_c2001
300 _a210
942 _2ddc
_cBOOKS
_n0
999 _c32051
_d32051